| 000 | 00518nam a2200193 a 4500 | ||
|---|---|---|---|
| 003 | OSt | ||
| 005 | 20180122115359.0 | ||
| 008 | 020226s2009 esp 000 0 spa d | ||
| 020 | _a978-607-11-0122-8 | ||
| 040 | _cBMC | ||
| 082 | _a808.838738 | ||
| 100 | 1 |
_942124 _aHill, Joe |
|
| 245 | 1 | 0 |
_aFantasmas _cJoe Hill ; traducción, Laura Vidal |
| 250 | _a1ª ed | ||
| 260 |
_aBarcelona _bSuma _bSantillana _c2009 |
||
| 300 |
_a405 p. _c24 cm |
||
| 650 | 2 | 4 |
_aCuentos de terror _936760 |
| 942 |
_2ddc _cBK _hprozim |
||
| 999 |
_c28833 _d28833 |
||